000 00412nam a22001697a 4500
005 20160428144629.0
008 160428b xxu||||| |||| 00| 0 eng d
020 _a978-81-8209222-8
041 _aeng
082 _b00648
100 _aleon, Alexis
_9180
245 _aDatabase Management System
260 _aChennai
_bLeon Vikas,
_c2002
300 _a988
650 _aInformation Technology
_9137
942 _cBK
999 _c186
_d186